| 000 | 00541nam a22002057a 4500 | ||
|---|---|---|---|
| 003 | OSt | ||
| 005 | 20140310181717.0 | ||
| 008 | 130201t xxu||||| |||| 00| 0 eng d | ||
| 020 | _a9710412181 | ||
| 050 |
_aQA154.2 _b.P259 2011 |
||
| 082 |
_aFIL 512 _bP258 2011 |
||
| 245 |
_aCollege algebra _cParreƱo, Elizabeth B. |
||
| 260 |
_aMandaluyong City _bBooks Atbp., Pub. _cc2011 |
||
| 300 |
_a321 p. _c 23 cm. |
||
| 521 | _acollege students | ||
| 526 | _c1210L-1700L | ||
| 541 | _j1 | ||
| 562 | _e1 | ||
| 942 |
_2lcc _cBK-FIL _kFIL |
||
| 999 |
_c1829 _d1829 |
||